Macroeconomic reforms, growth, and stability / (Record no. 17631)

MARC details
000 -LEADER
fixed length control field 00792nam a22002297a 4500
005 - DATE AND TIME OF LATEST TRANSACTION
control field 2008102207247.0
008 - FIXED-LENGTH DATA ELEMENTS--GENERAL INFORMATION
fixed length control field 081022t xxu||||| |||| 00| 0 eng d
010 ## - LIBRARY OF CONGRESS CONTROL NUMBER
LC control number ENG-84292
020 ## - INTERNATIONAL STANDARD BOOK NUMBER
International Standard Book Number 0195684192
020 ## - INTERNATIONAL STANDARD BOOK NUMBER
Terms of availability 595.00 (hb)
035 ## - SYSTEM CONTROL NUMBER
System control number EN-67825
082 ## - DEWEY DECIMAL CLASSIFICATION NUMBER
Classification number 339
100 ## - MAIN ENTRY--PERSONAL NAME
Personal name Bhattacharya, B B
245 ## - TITLE STATEMENT
Title Macroeconomic reforms, growth, and stability /
Statement of responsibility, etc by B B Bhattacharya and Sabyasachi Kar
260 ## - PUBLICATION, DISTRIBUTION, ETC. (IMPRINT)
Place of publication, distribution, etc New Delhi
Name of publisher, distributor, etc Oxford University Press
260 ## - PUBLICATION, DISTRIBUTION, ETC. (IMPRINT)
Date of publication, distribution, etc 2007
300 ## - PHYSICAL DESCRIPTION
Extent xviii,263p
Dimensions 22cm
500 ## - GENERAL NOTE
General note Includes bibliographical references and index
700 ## - ADDED ENTRY--PERSONAL NAME
Personal name Kar, Sabyasachi
Titles and other words associated with a name jt auth
942 ## - ADDED ENTRY ELEMENTS (KOHA)
Source of classification or shelving scheme Dewey Decimal Classification
Koha item type English Books
Classification part 339
Call number suffix BHA
Holdings
Withdrawn status Lost status Source of classification or shelving scheme Damaged status Not for loan Collection code Home library Current library Date acquired Cost, normal purchase price Total Checkouts Full call number Barcode Date last seen Copy number Cost, replacement price Price effective from Koha item type
    Dewey Decimal Classification   Not For Loan Non-fiction D.B.Act.Division D.B.Act.Division 28/02/2007 595.00   339 BHA EN-67825 04/11/2008 1 595.00 04/11/2008 English Books

© Delhi Public Library
Hit Counter
free hit counter